000 01038cam a2200301 4500
001 29002
003 BD-RjUL
005 20211209051347.0
008 140401s1970 enk b 001 0 eng
020 _a0521078202
035 _a(BD-RjUL)29087
040 _aDLC
_cDLC
_dDLC
_dBD-RjUL
_beng
041 _aeng
082 0 0 _a150
_bEXP 1970
100 1 _aBorger, Robert,
_d1927-
_988599
245 1 0 _aExplanation in the behavioural sciences /
_cedited by Robert Borger and Frank Cioffi.
260 _aCambridge :
_bUniversity Press,
_c1970.
300 _axii, 520 p. ;
_c24 cm.
350 _a5/-/-
_a($15.00 U.S.)
504 _aIncludes bibliographies and index.
650 0 _aPsychology
_xMethodology.
_988600
700 1 _aCioffi, Frank,
_ejoint author.
_988601
856 4 2 _3Publisher description
_uhttp://www.loc.gov/catdir/enhancements/fy0909/71105497-d.html
856 4 1 _3Table of contents only
_uhttp://www.loc.gov/catdir/enhancements/fy0909/71105497-t.html
942 _2ddc
_cBK
999 _c29002
_d29002